Dinosaures par images - Hadrosaures - Statistiques

Statistiques générales
  • Ce quiz a été pris 16 fois
  • Le résultat moyen est 5 sur 95
Statistiques - réponses
Par images Réponse % Correct
Corythosaurus
86%
Edmontosaurus
71%
Parasaurolophus
71%
Lambeosaurus
57%
Maiasaura
43%
Saurolophus
43%
Tsintaosaurus
43%
Hadrosaurus
29%
Olorotitan
29%
Brachylophosaurus
14%
Fukuisaurus
14%
Gryposaurus
14%
Jaxartosaurus
14%
Shantungosaurus
14%
Acristavus
0%
Adelolophus
0%
Adynomosaurus
0%
Ahshislesaurus
0%
Ajnabia
0%
Amurosaurus
0%
Anasazisaurus
0%
Angulomastacator
0%
Aquilarhinus
0%
Aralosaurus
0%
Arenysaurus
0%
Augustynolophus
0%
Bactrosaurus
0%
Barsboldia
0%
Batyrosaurus
0%
Blasisaurus
0%
Bonapartesaurus
0%
Canardia
0%
Cedrorestes
0%
Charonosaurus
0%
Claosaurus
0%
Coahuilasaurus
0%
Datonglong
0%
Eolambia
0%
Eotrachodon
0%
Equijubus
0%
Fylax
0%
Gilmoreosaurus
0%
Gobihadros
0%
Gongpoquansaurus
0%
Gonkoken
0%
Huallasaurus
0%
Huehuecanauhtlus
0%
Hypacrosaurus
0%
Jeyawati
0%
Jintasaurus
0%
Kamuysaurus
0%
Kazaklambia
0%
Kelumapusaura
0%
Kerberosaurus
0%
Koshisaurus
0%
Kritosaurus
0%
Kryptohadros
0%
Laiyangosaurus
0%
Lapampasaurus
0%
Latirhinus
0%
Levnesovia
0%
Magnapaulia
0%
Malefica
0%
Minqaria
0%
Morelladon
0%
Naashoibitosaurus
0%
Nanningosaurus
0%
Nanyangosaurus
0%
Nipponosaurus
0%
Ornatops
0%
Pararhabdodon
0%
Penelopognathus
0%
Plesiohadros
0%
Portellsaurus
0%
Probactrosaurus
0%
Probrachylophosaurus
0%
Prosaurolophus
0%
Protohadros
0%
Qianjiangsaurus
0%
Rhinorex
0%
Secernosaurus
0%
Shuangmiaosaurus
0%
Sirindhorna
0%
Taleta
0%
Tanius
0%
Telmatosaurus
0%
Tethyshadros
0%
Tlatolophus
0%
Velafrons
0%
Wulagasaurus
0%
Xuwulong
0%
Yamatosaurus
0%
Yunganglong
0%
Zhanghenglong
0%
Zuoyunlong
0%
Aucun quiz correspondant
Distribution des résultats
% des personnes avec chaque résultat
Percentile par nombre de réponses
Votre historique - résultats
Vous n’avez pas pris ce quiz